Klicke die Länder an einer Stadt auf der grenzenlosen Karte an - Hard - Statistiken

Allgemein
  • Dieses Quiz wurde 86 mal gespielt
  • Das Durchschnittsergebnis liegt bei 5 aus 20
Antworten auf der Karte
Die Antworten werden auf der Karte rot bzw. grün angezeigt, abhängig davon wie oft sie richtig erraten wurden.
 
Antwortstatistiken
Antwort % Korrekt
Bielefeld
72%
Fukuoka
52%
Nuuk
46%
Belém
40%
Tampere
38%
Aleppo
36%
Timbuktu
36%
Cluj
32%
Ürümqi
26%
Douala
20%
Lüderitz
18%
Niš
16%
Basra
14%
Nazaré
14%
Türkmenbasy
12%
Barranquilla
10%
Arequipa
8%
Charlottetown
8%
Goma
8%
Kandy
8%
Keine übereinstimmenden Quizze gefunden
Verteilung der Resultate
Anzahl Personen mit jedem Resultat
Perzentil nach korrekt beantworteten Fragen
Ihre Resultats-Entwicklung
Sie haben dieses Quiz noch nicht gespielt